000
00234nam a2200097Ia 4500
008
230907s9999||||xx |||||||||||||| ||und||
082
_a
5.7
_b
BIG
245
0
_a
Big data of complex networks /
300
_a
xii, 319 pages ;
942
_c
BK
999
_c
600411
_d
600411